| 000 | 00396nam a2200169Ia 4500 | ||
|---|---|---|---|
| 008 | 210210b2018 xxu||||| |||| 00| 0 eng d | ||
| 020 | _a0199466327 | ||
| 041 | _aeng | ||
| 082 | _a928 ANAS | ||
| 100 | _aANANTHAMURTHY (U R) | ||
| 245 | _aSuragi | ||
| 260 |
_aNew Delhi _bOxford University Press _c2018 |
||
| 300 | _ax,380 | ||
| 650 | _aSuragi | ||
| 690 | _aAutobiography | ||
| 906 | _a072914 | ||
| 999 |
_c122882 _d122882 |
||